| 000 | 00536cam a22002051 4500 | ||
|---|---|---|---|
| 001 | 3580544 | ||
| 005 | 20171219040418.0 | ||
| 008 | 761012s1922 nyu 000 0 eng | ||
| 010 | _a 22017960 | ||
| 040 |
_aDLC _cIEN _dDLC |
||
| 041 | _aeng | ||
| 043 | _an-us--- | ||
| 080 | _a94 BEC | ||
| 082 | _a94 BEC | ||
| 100 | 1 | _a17 | |
| 101 | _aHIS | ||
| 245 | 1 | 4 |
_aThe Declaration of independence, _cby Carl Becker. |
| 906 |
_a7 _bcbc _corignew _du _eocip _f19 _gy-gencatlg |
||
| 942 |
_2ddc _cBK |
||
| 999 |
_c39141 _d39141 |
||